Cleaner-Energy Investments Cases and Teaching Notes /

This book is a compilation of case studies from different countries and covers contemporary technologies including electric vehicles and solar thermal power plants. The book highlights the real-world situations facing individual projects and highlights the strengths and weaknesses of the underlying...

Full description

Main Author: Sunderasan, Srinivasan. (Author, http://id.loc.gov/vocabulary/relators/aut)
Corporate Author: SpringerLink (Online service)
Language:English
Published: New Delhi : Springer India : Imprint: Springer, 2015.
Edition:1st ed. 2015.
Subjects:
Online Access:https://doi.org/10.1007/978-81-322-2062-6
LEADER 04658nam a22005895i 4500
001 978-81-322-2062-6
003 DE-He213
005 20210617072727.0
007 cr nn 008mamaa
008 141114s2015 ii | s |||| 0|eng d
020 |a 9788132220626  |9 978-81-322-2062-6 
024 7 |a 10.1007/978-81-322-2062-6  |2 doi 
050 4 |a HC79.E5 
072 7 |a KCN  |2 bicssc 
072 7 |a BUS069000  |2 bisacsh 
072 7 |a KCVG  |2 thema 
082 0 4 |a 333.7  |2 23 
100 1 |a Sunderasan, Srinivasan.  |e author.  |4 aut  |4 http://id.loc.gov/vocabulary/relators/aut 
245 1 0 |a Cleaner-Energy Investments  |h [electronic resource] :  |b Cases and Teaching Notes /  |c by Srinivasan Sunderasan. 
250 |a 1st ed. 2015. 
264 1 |a New Delhi :  |b Springer India :  |b Imprint: Springer,  |c 2015. 
300 |a XIX, 197 p. 41 illus.  |b online resource. 
336 |a text  |b txt  |2 rdacontent 
337 |a computer  |b c  |2 rdamedia 
338 |a online resource  |b cr  |2 rdacarrier 
347 |a text file  |b PDF  |2 rda 
505 0 |a Case 1. Solar PV – Thermal Hybrids: Energy in Synergy -- Case 2. The Condit Dam: A Make or Break Decision -- Case 3. Rainmaker in Kuwait: Precipitating a Solution -- Case 4. Amakhala Wind: Turbulence In The Detail? -- Case 5. San Cristobal Wind Power Project: Addressing Petrel and Diesel Conservation -- Case 6. Recogen, Sri Lanka: Thinking Out Of The Shell -- Case 7. Delhi Airport Metro Line: Aborted Takeoff? -- Case 8. Godawari Green: Got-to-worry? -- Case 9. The Tesla Roadster: Running on Empty? -- Case 10. Mount Coffee Hydro: Stimulating A New Generation -- Case 11. Nepal, Ridi Hydro: Common Equity – Uncommon Enthusiasm -- Case 12. Wyke Farms: Sustaining Personality And Profitability -- Case 13. Norfolk Council Energy From Waste Project: Unfavorable Currents -- Case 14. Offshore Wind Turbine Foundations: Staying Afloat In Deep Waters -- Case 15. GoBiGas: Fuelling the Biogas Movement. 
520 |a This book is a compilation of case studies from different countries and covers contemporary technologies including electric vehicles and solar thermal power plants. The book highlights the real-world situations facing individual projects and highlights the strengths and weaknesses of the underlying business propositions. It also sheds light on the factors that are routinely ignored during project formulation and risk assessment, namely coordination among public and private agencies, confirmed availability of relatively minor but essential components, possibility of concurrent demand for inputs from different project proponents, etc. The book provides a systematic ‘guided tour’ of renewable energy (RE) projects for potential project analysts and includes the development of financial models. It concludes with an evaluation of risk and the design of risk-mitigation measures. It is designed to simultaneously appeal to business school students and to serve as a guide for practicing executives, policy makers and consultants. The cases cover several countries, currencies, policy environments, technologies and resources and will help policy makers, consultants and project analysts and proponents view RE projects in a new light. 
650 0 |a Environmental economics. 
650 0 |a Energy policy. 
650 0 |a Energy and state. 
650 0 |a Renewable energy resources. 
650 0 |a Environmental law. 
650 0 |a Environmental policy. 
650 0 |a Energy efficiency. 
650 0 |a Macroeconomics. 
650 1 4 |a Environmental Economics.  |0 https://scigraph.springernature.com/ontologies/product-market-codes/W48000 
650 2 4 |a Energy Policy, Economics and Management.  |0 https://scigraph.springernature.com/ontologies/product-market-codes/112000 
650 2 4 |a Renewable and Green Energy.  |0 https://scigraph.springernature.com/ontologies/product-market-codes/111000 
650 2 4 |a Environmental Law/Policy/Ecojustice.  |0 https://scigraph.springernature.com/ontologies/product-market-codes/U16002 
650 2 4 |a Energy Efficiency.  |0 https://scigraph.springernature.com/ontologies/product-market-codes/118000 
650 2 4 |a Macroeconomics/Monetary Economics//Financial Economics.  |0 https://scigraph.springernature.com/ontologies/product-market-codes/W32000 
710 2 |a SpringerLink (Online service) 
773 0 |t Springer Nature eBook 
776 0 8 |i Printed edition:  |z 9788132220633 
776 0 8 |i Printed edition:  |z 9788132220619 
776 0 8 |i Printed edition:  |z 9788132229537 
856 4 0 |u https://doi.org/10.1007/978-81-322-2062-6 
912 |a ZDB-2-SBE 
912 |a ZDB-2-SXEF 
950 |a Business and Economics (SpringerNature-11643) 
950 |a Economics and Finance (R0) (SpringerNature-43720)